En esta borrasca formidable /

محفوظ في:
التفاصيل البيبلوغرافية
المؤلف الرئيسي: Potdevin, Philip (autor)
التنسيق: كتاب
اللغة:الإسبانية
منشور في: Bogotá, Colombia : Ediciones Desde Abajo, 2014, c2014
سلاسل:(Ríos de Letras)
الموضوعات:
الوسوم: إضافة وسم
لا توجد وسوم, كن أول من يضع وسما على هذه التسجيلة!

MARC

LEADER 00000nam^a2200000^a^4500
001 000578605
005 20250521000000.0
009 20260310132512.187
020 |a 978-958-58563-2-5 
037 |a Acervo ITESO - Biblioteca 
041 |a ESP 
082 |a 863.  |b POT 
100 |a Potdevin, Philip  |e (autor) 
245 1 0 |a En esta borrasca formidable /  |c P. Potdevin. 
264 4 |a Bogotá, Colombia :  |b Ediciones Desde Abajo,  |c 2014, c2014 
300 |a 304 p. 
336 |a texto  |b txt  |2 rdacontenido 
337 |a sin mediación  |b n  |2 rdamedio 
338 |a volumen  |b nc  |2 rdasoporte 
440 1 |a (Ríos de Letras) 
521 |a FIL 2023 DIA 
649 |a XX 
650 |a Intelectuales en la Literatura 
650 |a Novela Histórica -  |z Colombia 
650 |a Novela Colombiana 
650 |a Literatura Colombiana -  |y Siglo XXI 
650 |a Literatura e Historia -  |z Colombia 
650 |a Literatura y Política -  |z Colombia 
650 |a Política -  |z Colombia -  |x Historia -  |y 1886-1930 
650 |a Política -  |z Colombia -  |x Historia -  |y Siglo XX 
650 |a Colombia -  |x Historia -  |y 1886-1930 
650 |a Colombia -  |x Historia -  |y Siglo XX 
910 |a Fondo General 
920 |a Impresos - Libros 
930 |a Colección General 
940 |a Literatura 
905 |a 101 
901 |a 0500403041  |b IT1  |c LIT  |i C184063  |u 20250521 
902 |a https://opac.biblio.iteso.mx/vufind/Record/000578605